000 00831nam a22001937a 4500
005 20251108164915.0
008 250721s1977 xx 000 0 ara d
082 1 4 _a212/محم
100 1 _aالصابوني، محمد علي
245 1 0 _aروائع البيان و تفسير آيات الأحكام من القرآن /
250 _aط2.
264 1 _aدمشق :
_bمكتبة الغزالي،
_c1977.
300 _a
500 _aتفسير خاص لآيات الأحكام مستمدة من أوثق مصادر التفسير القديمة و الحديثة بأسلوب مبتكر و طريقة جديدة ممع عرض شامل لأدلة الفقهاء و بيان الحكمة الشرعية
650 1 7 _aالقرآن الكريم
650 1 7 _aتفسير القرآن
942 _2ddc
_cREF
999 _c17164
_d17164